000 00731nam a2200205Ia 4500
001 14660
003 GE_BSU
008 181216s||||||||xx |||||||||||||| ||und||
040 _cGE_BSU
080 _a821.353.1-1
100 _aნონეშვილი,იოსებ
245 _aერთტომეული. ლექსები, პოემები
245 _cრედ.ხუხაშვილი გ. მხატვ. გ გორდელაძე
260 _aთბილისი
260 _bსახელგამი
260 _c1954
300 _a370გვ.1ფ.პორტრ.21სმ.
653 _aერთტომეული. ლექსები, პოემები
942 _cBK
999 _c47786
_d47786